| 000 | 00429nam a2200157Ia 4500 | ||
|---|---|---|---|
| 001 | 27811 | ||
| 008 | 140414s9999 xx 000 0 und d | ||
| 040 | _cPK-LaUMT | ||
| 082 |
_a 297 _bMUH-I |
||
| 100 | _aMuhammad Tahir ul Qadri, Professor | ||
| 245 |
_aIslami falsafa-e-zindhgi (Urdu) _cMuhammad Tahir ul Qadri, Professor |
||
| 260 |
_aLahore,Pakistan: _bMaktaba Imtiaz, _cNA |
||
| 300 | _a199 p. | ||
| 546 | _aEN | ||
| 942 | _cBK | ||
| 999 |
_c27944 _d27944 |
||